| Tag |
First Indicator |
Second Indicator |
Subfields |
| LEADER |
00000cam a2200000 i 4500 |
| 001 |
in00002192021 |
| 005 |
20151104074212.0 |
| 008 |
781012s1978 it a b 000 0 ita |
| 010 |
|
|
|a 78386323
|
| 015 |
|
|
|a It78-Aug
|
| 029 |
1 |
|
|a NLGGC
|b 786091908
|
| 035 |
|
|
|a (OCoLC)ocm04435151
|
| 040 |
|
|
|a DLC
|c DLC
|d OCL
|d OCLCQ
|d TXA
|d UtOrBLW
|
| 043 |
|
|
|a e-it---
|
| 049 |
|
|
|a TXAM
|
| 050 |
0 |
0 |
|a NK9920
|b .T37
|
| 090 |
|
|
|a NK9920
|b .T37 1978
|
| 245 |
0 |
3 |
|a Le Tarsie di Todi /
|c a cura di Marina Righetti.
|
| 264 |
|
1 |
|a [Milano] ;
|a [Parma] :
|b F.M. Ricci,
|c [1978]
|
| 300 |
|
|
|a 67 unnumbered pages :
|b chiefly color illustrations ;
|c 25 cm.
|
| 336 |
|
|
|a text
|b txt
|2 rdacontent
|
| 337 |
|
|
|a unmediated
|b n
|2 rdamedia
|
| 338 |
|
|
|a volume
|b nc
|2 rdacarrier
|
| 490 |
1 |
|
|a Iconographia
|
| 500 |
|
|
|a Cover has title: Le tarsie del Duomo di Todi.
|
| 500 |
|
|
|a "Tratto dall'opera di Adriano Prandi e Marina Righetti sul Duomo di Todi."
|
| 504 |
|
|
|a Bibliography: page [17].
|
| 536 |
|
|
|a From the library of Howard Mayer Brown, May 2004.
|
| 650 |
|
0 |
|a Marquetry
|z Italy
|z Todi.
|
| 610 |
2 |
0 |
|a Duomo di Todi.
|
| 700 |
1 |
|
|a Righetti, Marina.
|
| 700 |
1 |
|
|a Prandi, Adriano.
|
| 730 |
0 |
|
|a Tarsie del Duomo di Todi.
|
| 830 |
|
0 |
|a Iconographia.
|
| 948 |
|
|
|a cataloged
|b h
|c 2006/9/27
|d c
|e rdavis
|f 9:45:29 am
|
| 994 |
|
|
|a C0
|b TXA
|
| 999 |
|
|
|a MARS
|
| 999 |
f |
f |
|s 8038626b-b2ed-359f-969f-8d44a670a7ce
|i 2f55256a-82db-3155-b698-9df09d1c3c42
|t 0
|
| 952 |
f |
f |
|p normal
|a Texas A&M University
|b College Station
|c Sterling C. Evans Library
|d Evans: Library Stacks
|t 0
|e NK9920 .T37 1978
|h Library of Congress classification
|i unmediated -- volume
|m A14834888908
|
| 998 |
f |
f |
|a NK9920 .T37 1978
|t 0
|l Evans: Library Stacks
|